000 00602nam a22002177a 4500
003 OSt
005 20220107122844.0
008 180904b xxu||||| |||| 00| 0 eng d
020 _a9781466504554
040 _cIIITMK
082 _a005.133P HER/F
100 _aHerman, Ted
_914740
245 _aA functional start to computing with python
260 _aNew York,
_bcrc press,
_c2014.
300 _axiv, 415p.
440 _aChapman & Hall/ CRC Textbooks in Computing.
_914761
650 _aPYTHON
_914741
650 _aCOMPUTER SCIENCE
_914742
650 _aDATA STRUCTURES
_914743
942 _2ddc
_cBK
999 _c6208
_d6208